000 00494cam a2200205ua 4500
020 _cRs 20.00
041 _aeng
_h
082 _a636.5084
_bPAN/FE
100 _aPanda, B .
245 _aFeeding of poultry
260 _aNew Delhi :
_bIndian Council for Agricultural Research ,
_c1997.
300 _a83 ; .
365 _aRs 20.00
504 _a
700 1 _aReddy, V R .
700 1 _aSadanadam, .
700 1 _aShivatsan, A G .
942 _cBK
999 _c1627
_d1627